000 00827nam a2200229 a 4500
001 46974
003 BD-RjUL
005 20211209054235.0
008 160806s2001 ii ||||| |||| 00| 0 ben d
020 _c: IRs.60.00
035 _a(BD-RjUL)47093
040 _aBD-RjUL
_bben
_cBD-RjUL
_dBD-RjUL
041 _aben
082 _223
_a398.092
_bJHB 2001
100 _aঝা, শক্তিনাথ
_9119244
245 1 0 _aবাউল-ফকির ধ্বংসের আন্দোলনের ইতিবৃত্ত /
_cশক্তিনাথ ঝা,
260 _aকলকাতা :
_bসুবর্ণরেখা,
_c২০০১.
300 _a১৫২ পৃ. :
_bচিত্র ;
_c২৫ সেমি.
650 _aফোকলোরিষ্ট
_9143093
650 _aFolklorists
_9143094
942 _2ddc
_cBK
999 _c46974
_d46974